000 00526nam a22001937a 4500
003 MPLRDC
005 20220104161758.0
008 210129b ||||| |||| 00| 0 eng d
020 _a7-5613-3444-3
082 _a719.382 DXTX
100 _a《读行天下,零钱游天堂》采编组编
245 _a泰快乐
_c
250 _a一版一刷
260 _a中国
_b陕西师范大学出版社
_c2005
300 _b
490 _a读行天下,零钱游天堂
650 _a泰国游记
942 _cBK
_o719.382 DXTX
999 _c55650
_d55640